La Reconstrucción y restauración del Palacio Provincial / por Fernando Gómez Catón
Publicado:
San Jorge, núm. 73 (1r trimestre 1969), pàg 6 - 23 :
MARC
| LEADER | 00000nam a2200000Ia 4500 | ||
|---|---|---|---|
| 001 | |||
| 008 | 160829s9999 xx 000 0 cat d | ||
| 100 | |a Gómez Catón, Fernando |9 29715 | ||
| 245 | |a La Reconstrucción y restauración del Palacio Provincial / por Fernando Gómez Catón | ||
| 260 | |a San Jorge, núm. 73 (1r trimestre 1969), pàg 6 - 23 | ||
| 590 | |a Conté 19 fotografies | ||
| 610 | 2 | 0 | |a Palau de la Generalitat de Catalunya |x Conservació i restauració |9 54546 |
| 650 | 0 | |a Arquitectura gòtica |z Barcelona (Catalunya) |9 37346 | |
| 650 | 0 | |a Arquitectura catalana |z Barcelona (Catalunya) |9 29886 | |
| 650 | 0 | |a Palaus |z Catalunya |9 29887 | |
| 650 | |a Barcelona. Diputació |x Conservació i restauració |9 36780 | ||
| 901 | |a Arxiu | ||
| 942 | |n 1 | ||
| 952 | |0 0 |1 0 |4 0 |7 1 |9 47514 |a Arxiu |b Arxiu |d 2016-12-01 |l 0 |r 2016-12-01 00:00:00 |w 2016-12-01 |y ARXIU | ||
| 999 | |c 51313 |d 51313 | ||